000 00804nam a22002177a 4500
005 20260301164016.0
010 _aBACEN26
020 _a9789365576320 (Vol-1)
_c1895.00
020 _a9789365570946 (Vol-2)
_c1495.00
037 _bHimalaya Publishing House
082 _23
_a332.45
100 _aChatterjee, Arun
_987990
245 _aPrinciples of Foreign Exchange/
_cArun Chatterjee
250 _a3
260 _aMumbai
_bHimalaya Publishing House Pvt Ltd
_c2026
270 _aVishal Industrial Estate, Ist Floor, Office No. 63/64, Bhandup Village Road, Subhash Nagar (Opp Ceat Tyres) Nahur(W)
_bMumbai
_e400078
_mhimpub@bharatmail.co.in
_k022-35131464
300 _a517p.
_bIndex
_c25cm(hb)
300 _a335p.
_bIndex
_c25cm(hb)
490 _v1,2
942 _2ddc
_cEN
_mCHA
_h332.45
999 _c215162
_d215162